000 00333nam a22001457a 4500
008 230316b ||||| |||| 00| 0 eng d
020 _a9780470282427
041 _aeng
080 _2SIX EDITION
_a338
082 _a338SAM
100 _a24
101 _aMAN ECO
245 _aMANAGERIAL ECONOMICS
_cSAMUELSON.F.W
942 _2udc
_cBK
999 _c59360
_d59360